000 00309 a2200157 4500
001 162738
020 _a
040 _cMagnum
100 _aHaden, Charlyne
240 1 0 _aFreddy frog
_lING
245 1 0 _aFreddy frog
362 0 _a1899
440 1 _aFTD
697 _aLITERATURA ESTRANGEIRA
942 _cBK
999 _c162738
_d162738